书目信息 |
| 题名: |
平面三角
|
|
| 作者: | 姚剑初 编 | |
| 分册: | ||
| 出版信息: | 上海 上海科学技术出版社 1982 |
|
| 页数: | 331页 | |
| 开本: | 19cm | |
| 丛书名: | 数理化自学丛书 | |
| 单 册: | ||
| 中图分类: | O124.1 | |
| 科图分类: | ||
| 主题词: | 平面三角 | |
| 电子资源: | ||
| ISBN: | ||
| 000 | 00710nam2 2200277 45 | |
| 001 | 0182000797 | |
| 005 | 20070709142544.25 | |
| 010 | @dCNY0.74 | |
| 091 | @aCN@b13119.532 | |
| 100 | @a19950306d1982 em y0chiy0121 ea | |
| 101 | 0 | @achi |
| 102 | @aCN@b310000 | |
| 105 | @ay z 000yy | |
| 200 | 10 | @a平面三角@Aping mian san jiao@f姚剑初编 |
| 205 | @a第2版 | |
| 210 | @a上海@c上海科学技术出版社@d1982 | |
| 215 | @a331页@d19cm | |
| 225 | 2 | @a数理化自学丛书 |
| 312 | @a原名《三角》 | |
| 410 | 0 | @120010@a数理化自学丛书 |
| 606 | @a平面三角 | |
| 690 | @aO124.1@v3 | |
| 701 | 0 | @a姚剑初@Ayao jian chu@4编 |
| 801 | 2 | @aCN@bNLC@c20070709 |
| 801 | 0 | @aCN@bTSSF@c20060813 |
| 905 | @a10447@dO124.1@e13=2 | |
| 平面三角/姚剑初编.-第2版.-上海:上海科学技术出版社,1982 |
| 331页;19cm.-(数理化自学丛书) |
| ISBN :CNY0.74 |
| ● |
| 相关链接 |
|
|
|
|
正题名:平面三角
索取号:O124.1/13=2
 
预约/预借
| 序号 | 登录号 | 条形码 | 馆藏地/架位号 | 状态 | 备注 |
| 1 | 0442379 | 204423793 | 密集书库/ [索取号:O124.1/13=2] | 在馆 | |
| 2 | 0459427 | 204594279 | 密集书库/ [索取号:O124.1/13=2] | 在馆 | |
| 3 | 0459428 | 204594288 | 密集书库/ [索取号:O124.1/13=2] | 在馆 | |
| 4 | 0768406 | 207684068 | 密集书库/ [索取号:O124.1/13=2] | 在馆 |